[Event "Chinese League Div-A Final-KO 2023"]
[Site "Xiongan"]
[Date "2023.12.06"]
[Round "5.2"]
[White "Bai, Jinshi"]
[Black "Bu, Xiangzhi"]
[Result "0-1"]
[WhiteElo "2585"]
[BlackElo "2677"]
[Annotator "TA"]
[PlyCount "96"]
[EventDate "2023.12.02"]
[EventCountry "CHN"]
[SourceTitle "playchess.com"]
[Source "ChessBase"]
[SourceQuality "1"]

{[%evp 15,96,10,19,10,26,8,16,13,17,16,15,15,25,20,15,19,27,18,14,-64,-64,-66,-64,-65,-65,-65,-67,-67,-66,-73,-63,-66,-64,-81,-66,-104,-58,-71,-65,-63,-45,-70,-67,-101,-104,-110,-104,-104,-98,-100,-98,-97,-96,-103,-100,-97,-105,-120,-111,-113,-100,-122,-103,-106,-102,-106,-105,-106,-102,-134,-134,-134,-148,-198,-198,-198,-198,-198,-198,-237,-229,-5214,-4591]} 1. d4 {[%emt 0:00:04]} Nf6 {[%emt 0:00:11]} 2. c4 {[%emt 0:00:08]} e6 {[%emt 0:00:05]} 3. Nf3 {[%emt 0:00:13]} d5 {[%emt 0:00:11]} 4. Nc3 {[%emt 0:00:12]} c6 {[%emt 0:00:20]} 5. e3 {[%emt 0:00:27]} a6 {[%emt 0:00:12]} 6. b3 {[%emt 0:00:41]} Bb4 {[%emt 0:00:06]} 7. Bd2 {[%emt 0:00:07]} O-O {[%emt 0:00:12]} 8. Bd3 {[%emt 0:00:47]} Nbd7 {[%emt 0:00:12]} 9. O-O {[%emt 0:00:15][%cal Oc3d5] D45: Semi-Slav: 5 e3.} Bd6 {[%emt 0:00:09]} 10. Qc2 {[%emt 0:00:37]} e5 {[%emt 0:05:05] [#] Threatens to win with ...e4.} 11. cxd5 {[%emt 0:00:21] The position is equal.} cxd5 {[%emt 0:00:04] Strongly threatening ...e4.} 12. e4 {[%emt 0:00:26]} dxe4 $5 {[%emt 0:04:03][%mdl 4] Exploring less charted territory.} 13. Nxe4 {[%emt 0:00:17]} Nxe4 {[%emt 0:00:04]} 14. Bxe4 {[%emt 0:00:09]} h6 {[%emt 0:00:11]} 15. Bc3 {[%emt 0:26:31][%cal Rd4e5]} exd4 {[%emt 0:00:49] [#]} 16. Nxd4 $146 {[%emt 0:06:03]} ({Predecessor:} 16. Bh7+ Kh8 17. Bxd4 Nf6 18. Bf5 Qa5 19. Nh4 Be5 20. Bxe5 Qxe5 21. Rae1 Qa5 22. Qb2 {1-0 Yilmaz,M (2621)-Ozsakallioglu,O (2288) TUR-ch Kemer 2022 (1)}) 16... Nf6 {[%emt 0:00:36]} 17. Bf5 {[%emt 0:01:42]} (17. Bf3 $11) 17... Qc7 $1 $15 {[%emt 0:01:07] And now ...Bxf5 would win.} 18. Bb2 {[%emt 0:19:32]} Bxh2+ {[%emt 0:10:49]} 19. Kh1 {[%emt 0:00:36]} Qxc2 {[%emt 0:04:04]} 20. Bxc2 {[%emt 0:00:04]} Be5 {[%emt 0:00:17]} 21. Rae1 {[%emt 0:07:16]} Re8 {[%emt 0:00:43]} 22. f4 {[%emt 0:01:08]} Bc7 {[%emt 0:00:49] ...Bg4 would be deadly.} 23. Rxe8+ {[%emt 0:02:19]} Nxe8 {[%emt 0:00:07]} 24. g3 {[%emt 0:03:29]} Bd7 {[%emt 0:04:01]} 25. Re1 {[%emt 0:08:01]} Rd8 {[%emt 0:00:54]} (25... Nf6 $17 {aiming for ...Ba5.} 26. Bf5 Rd8 27. Bxd7 Rxd7) 26. Be4 {[%emt 0:04:09]} Nd6 {[%emt 0:03:25]} 27. Bf3 {[%emt 0:00:04]} Bb6 {[%emt 0:02:51]} (27... Ba5 $5 {[%cal Ra5e1]} 28. Rd1 Bc8 $15) 28. Rd1 {[%emt 0:02:09]} Bc8 {[%emt 0:02:54]} 29. Ba3 {[%emt 0:00:48][%cal Od4c6]} Ne8 {[%emt 0:03:41][%cal Bd6e8,Be8f6,Bf6g4][%mdl 32]} 30. Bb2 {[%emt 0:03:03]} Nf6 {[%emt 0:01:00]} 31. Kg2 {[%emt 0:01:22]} Ng4 {[%emt 0:02:09]} 32. Nc2 {[%emt 0:03:13]} Rxd1 {[%emt 0:01:58]} 33. Bxd1 {[%emt 0:00:01]} Bf5 {[%emt 0:00:07] ...Nf2 is the strong threat.} 34. Bf3 {[%emt 0:00:45]} Bxc2 {[%emt 0:00:13]} 35. Bxg4 $17 {[%emt 0:00:03][%mdl 4096] Endgame KBB-KBB} Be4+ {[%emt 0:00:10]} 36. Kh3 {[%emt 0:02:00]} Kf8 {[%emt 0:28:38]} 37. Be2 {[%emt 0:01:19]} Be3 {[%emt 0:00:18]} 38. Be5 {[%emt 0:01:48]} f6 {[%emt 0:02:11]} 39. Bd6+ {[%emt 0:04:38]} Kf7 {[%emt 0:02:38]} 40. Bc4+ {[%emt 0:01:21]} Kg6 {[%emt 0:00:05]} 41. a4 {[%emt 0:09:54]} Kf5 {[%emt 0:16:15]} 42. g4+ {[%emt 0:10:12]} Kg6 {[%emt 0:00:01]} 43. b4 {[%emt 0:00:22]} f5 {[%emt 0:01:42]} 44. b5 {[%emt 0:03:28]} (44. Be2 $17) 44... a5 $19 {[%emt 0:00:21]} 45. Bb3 {[%emt 0:00:51]} fxg4+ {[%emt 0:00:48]} 46. Kxg4 h5+ {[%emt 0:00:05]} 47. Kg3 {[%emt 0:00:11]} Kf5 {[%emt 0:00:06][%cal Oe3f4] White must now prevent ...Bxf4+!} 48. Bc7 {[%emt 0:00:19] [#]} (48. Kh4) 48... Bxf4+ $1 {[%emt 0:01:09][%mdl 512] Weighted Error Value: White=0.34/Black=0.04 (flawless)} 0-1

[Event "Chinese League Div-A Final-KO 2023"]
[Site "Xiongan"]
[Date "2023.12.06"]
[Round "5.3"]
[White "Zeng, Chongsheng"]
[Black "Ma, Qun"]
[Result "1/2-1/2"]
[WhiteElo "2577"]
[BlackElo "2653"]
[Annotator "TA"]
[PlyCount "69"]
[EventDate "2023.12.02"]
[EventCountry "CHN"]
[SourceTitle "playchess.com"]
[Source "ChessBase"]
[SourceQuality "1"]

{[%evp 20,69,9,8,2,11,8,11,8,6,8,11,13,13,12,8,7,6,10,4,0,0,0,0,2,0,0,0,13,0,0,-2,0,-12,-11,-17,6,5,8,0,10,4,26,7,6,0,0,0,16,5,12,7]} 1. d4 {[%emt 0:00:09]} d5 {[%emt 0:00:16]} 2. c4 {[%emt 0:00:08]} e6 {[%emt 0:00:06]} 3. Nf3 {[%emt 0:00:09]} Nf6 {[%emt 0:00:15]} 4. g3 {[%emt 0:00:13]} Bb4+ {[%emt 0:00:23]} 5. Bd2 {[%emt 0:00:23]} Be7 {[%emt 0:00:07]} 6. Bg2 {[%emt 0:00:19]} O-O {[%emt 0:00:11]} 7. O-O {[%emt 0:00:08]} c6 {[%emt 0:00:55]} 8. Qc2 {[%emt 0:02:40]} Nbd7 {[%emt 0:00:06]} 9. Bf4 {[%emt 0:00:31]} b6 {[%emt 0:00:07]} 10. Rd1 {[%emt 0:00:20]} Bb7 {[%emt 0:00:31]} 11. Ne5 $1 {[%emt 0:00:23] The main line 11.Ne5 scores better than 11.Nc3.} Nh5 {[%emt 0:00:13] E08: Closed Catalan: Main Line: 7 Qc2.} 12. Bd2 {[%emt 0:00:17]} Nhf6 {[%emt 0:00:05][%cal Bh5f6,Bf6e8,Be8d6,Bd6f5][%mdl 32]} 13. cxd5 {[%emt 0:00:55]} cxd5 {[%emt 0:00:04]} 14. Nc6 {[%emt 0:00:03]} Bxc6 {[%emt 0:00:07]} 15. Qxc6 {[%emt 0:00:04]} Rc8 {[%emt 0:00:03]} 16. Qb5 {[%emt 0:00:06]} Ne8 {[%emt 0:00:04]} 17. Qd3 {[%emt 0:00:07]} Nd6 {[%emt 0:00:06]} 18. Nc3 {[%emt 0:00:11]} Nf6 {[%emt 0:00:07]} 19. b3 {[%emt 0:00:09]} Qd7 {[%emt 0:00:06]} 20. f3 {[%emt 0:00:35]} Nf5 {[%emt 0:00:06][%cal Of5d4]} 21. e3 {[%emt 0:00:07]} Rfd8 {[%emt 0:06:31]} 22. Ne2 {[%emt 0:00:33]} h5 {[%emt 0:00:10]} 23. Be1 {[%emt 0:01:06] [#]} Bf8 $146 {[%emt 0:08:02]} ({Predecessor:} 23... g5 24. Bf2 g4 25. Nf4 Qc7 26. Nxh5 Nxh5 27. fxg4 Nhxg3 28. gxf5 Nxf5 29. e4 dxe4 30. Qxe4 Qc2 31. Qg4+ Kh7 32. Qh3+ Kg7 33. Qg4+ Kh7 34. Qh3+ {½-½ Harikrishna,P (2755)-Yu,Y (2738) CHN-chT China 2016 (10.6)}) 24. Bf2 {[%emt 0:01:56]} Ne7 {[%emt 0:03:34]} 25. h3 {[%emt 0:14:53]} Ng6 {[%emt 0:26:59]} 26. g4 {[%emt 0:07:51]} hxg4 {[%emt 0:00:28]} 27. hxg4 {[%emt 0:03:02]} Qc7 {[%emt 0:05:42]} 28. Rac1 {[%emt 0:08:02]} Qd7 {[%emt 0:02:56]} 29. a4 {[%emt 0:11:54]} Rxc1 {[%emt 0:02:09]} 30. Rxc1 {[%emt 0:02:29]} Rc8 {[%emt 0:00:23]} 31. Rc2 {[%emt 0:01:46]} Bd6 {[%emt 0:07:18] The position is equal.} 32. Be1 {[%emt 0:03:33]} Ne7 {[%emt 0:02:03]} 33. Bf1 {[%emt 0:05:42]} Ne8 {[%emt 0:05:28]} 34. Rxc8 {[%emt 0:04:16]} Qxc8 {[%emt 0:00:10]} 35. Qc3 {[%emt 0:00:07] An interesting draw.   Weighted Error Value: White=0.03 (flawless) /Black=0.04 (flawless)} 1/2-1/2

[Event "Chinese League Div-A Final-KO 2023"]
[Site "Xiongan"]
[Date "2023.12.06"]
[Round "5.4"]
[White "Zhai, Mo"]
[Black "Wang, Chuqiao"]
[Result "1/2-1/2"]
[WhiteElo "2339"]
[BlackElo "2215"]
[Annotator "RC"]
[PlyCount "180"]
[EventDate "2023.12.02"]
[EventCountry "CHN"]
[SourceTitle "playchess.com"]
[Source "ChessBase"]
[SourceQuality "1"]

1. Nf3 {[%emt 0:00:16]} d5 {[%emt 0:00:15]} 2. e3 {[%emt 0:00:36]} Nf6 {[%emt 0:00:14]} 3. c4 {[%emt 0:00:15]} e6 {[%emt 0:00:16]} 4. b3 {[%emt 0:00:18]} c5 {[%emt 0:00:11]} 5. Bb2 {[%emt 0:00:39]} Nc6 {[%emt 0:00:47]} 6. cxd5 {[%emt 0:00:33]} exd5 {[%emt 0:00:26]} 7. Nc3 {[%emt 0:00:45]} Bg4 {[%emt 0:09:10]} 8. h3 {[%emt 0:05:17]} Bh5 {[%emt 0:00:58]} 9. Be2 {[%emt 0:03:51]} Be7 {[%emt 0:03:57]} 10. d4 {[%emt 0:03:32]} cxd4 {[%emt 0:05:00]} 11. Nxd4 {[%emt 0:00:41]} Bxe2 {[%emt 0:01:15]} 12. Ndxe2 {[%emt 0:00:43]} O-O {[%emt 0:02:36]} 13. O-O {[%emt 0:00:13]} Qa5 {[%emt 0:01:08]} 14. Rc1 {[%emt 0:12:46]} Ba3 {[%emt 0:05:04]} 15. Bxa3 {[%emt 0:07:48]} Qxa3 {[%emt 0:00:08]} 16. Rc2 {[%emt 0:01:46]} Rfd8 {[%emt 0:04:21]} 17. Rd2 {[%emt 0:00:34]} Qa5 {[%emt 0:02:52]} 18. Qc2 {[%emt 0:11:33]} Rac8 {[%emt 0:22:01]} 19. Rfd1 {[%emt 0:05:25]} h6 {[%emt 0:03:46]} 20. Qb2 {[%emt 0:03:40]} Ne7 {[%emt 0:03:51]} 21. Rd4 {[%emt 0:04:06]} Nf5 {[%emt 0:03:35]} 22. b4 {[%emt 0:06:50]} Qa6 {[%emt 0:02:00]} 23. Rf4 {[%emt 0:04:30]} Qe6 {[%emt 0:03:44]} 24. Nd4 {[%emt 0:02:30]} Nxd4 {[%emt 0:00:39]} 25. Rfxd4 {[%emt 0:00:05]} Rd7 {[%emt 0:04:14]} 26. Qd2 {[%emt 0:02:04]} Rcd8 {[%emt 0:00:58]} 27. Qd3 {[%emt 0:00:21]} Qc6 {[%emt 0:01:51]} 28. Ne2 {[%emt 0:00:58]} a6 {[%emt 0:05:10]} 29. Rc1 {[%emt 0:01:46]} Qd6 {[%emt 0:02:44]} 30. Nf4 {[%emt 0:00:40]} Qe7 {[%emt 0:00:54]} 31. Qd1 {[%emt 0:01:11]} Qd6 {[%emt 0:01:34]} 32. Qf3 {[%emt 0:01:24]} Qe7 {[%emt 0:00:57]} 33. g4 {[%emt 0:01:26]} Qe5 {[%emt 0:03:32]} 34. Nd3 {[%emt 0:00:48]} Qe7 {[%emt 0:00:10]} 35. Nf4 {[%emt 0:02:09]} Qe5 {[%emt 0:00:05]} 36. h4 {[%emt 0:02:13]} Qe7 {[%emt 0:01:47]} 37. Kg2 {[%emt 0:01:09]} Qe5 {[%emt 0:01:04]} 38. Nd3 {[%emt 0:03:27]} Qe7 {[%emt 0:00:09]} 39. Nf4 {[%emt 0:02:42]} Qe5 {[%emt 0:00:41]} 40. Rcd1 {[%emt 0:00:16]} Qe7 {[%emt 0:00:40]} 41. a3 {[%emt 0:03:42]} Rd6 {[%emt 0:02:30]} 42. R1d3 {[%emt 0:03:11]} Qe5 {[%emt 0:00:54]} 43. Qd1 {[%emt 0:01:46]} Qe7 {[%emt 0:00:57]} 44. Ne2 {[%emt 0:13:18]} Ne4 {[%emt 0:04:06]} 45. f3 {[%emt 0:02:43]} Nf6 {[%emt 0:00:05]} 46. Ng3 {[%emt 0:00:30]} g6 {[%emt 0:00:46]} 47. h5 {[%emt 0:01:22]} Qe6 {[%emt 0:07:03]} 48. hxg6 {[%emt 0:00:30]} fxg6 {[%emt 0:00:02]} 49. Ne2 {[%emt 0:00:21]} Kg7 {[%emt 0:01:21]} 50. Rc3 {[%emt 0:01:07]} h5 {[%emt 0:03:23]} 51. Nf4 {[%emt 0:04:34]} Qf7 {[%emt 0:00:29]} 52. gxh5 {[%emt 0:00:43]} Nxh5 {[%emt 0:00:20]} 53. Rc5 {[%emt 0:01:17]} b6 {[%emt 0:03:15]} 54. Rc1 {[%emt 0:01:08]} Qf5 {[%emt 0:00:45]} 55. Rc7+ {[%emt 0:03:29]} Kg8 {[%emt 0:07:19]} 56. Kf2 {[%emt 0:01:07]} Qg5 {[%emt 0:01:48]} 57. Nxh5 {[%emt 0:01:23]} Qxh5 {[%emt 0:00:14]} 58. Rg4 {[%emt 0:02:28]} Rf6 {[%emt 0:01:14]} 59. Kg2 {[%emt 0:00:29]} Rdf8 {[%emt 0:01:08]} 60. Rg3 {[%emt 0:01:35]} R8f7 {[%emt 0:01:26]} 61. Rc8+ {[%emt 0:00:49]} Rf8 {[%emt 0:00:47]} 62. Rc7 {[%emt 0:00:41]} R8f7 {[%emt 0:00:05]} 63. Rc8+ {[%emt 0:00:06]} Rf8 {[%emt 0:00:06]} 64. Rxf8+ {[%emt 0:00:59]} Kxf8 {[%emt 0:00:10]} 65. Qc2 {[%emt 0:00:17]} Qf5 {[%emt 0:00:22]} 66. Qxf5 {[%emt 0:01:11]} gxf5 {[%emt 0:00:03]} 67. Rg5 {[%emt 0:00:58]} Ke7 {[%emt 0:01:22]} 68. Kg3 {[%emt 0:00:20]} Rc6 {[%emt 0:00:51]} 69. Rxf5 {[%emt 0:00:14]} Rc3 {[%emt 0:00:39]} 70. Kf4 {[%emt 0:00:46]} Kd6 {[%emt 0:03:12]} 71. Rf6+ {[%emt 0:00:15]} Kc7 {[%emt 0:00:04]} 72. a4 {[%emt 0:00:37]} Rc4+ {[%emt 0:01:53]} 73. Ke5 {[%emt 0:00:01]} Rxb4 {[%emt 0:00:04]} 74. Kxd5 {[%emt 0:00:06]} Rxa4 {[%emt 0:00:13]} 75. Rf7+ {[%emt 0:00:37]} Kd8 {[%emt 0:00:08]} 76. e4 {[%emt 0:00:08]} b5 {[%emt 0:00:59]} 77. f4 {[%emt 0:01:39]} b4 {[%emt 0:00:07]} 78. Kd6 {[%emt 0:00:36]} Ke8 {[%emt 0:00:04]} 79. Rb7 {[%emt 0:00:40]} b3 {[%emt 0:00:48]} 80. Kd5 {[%emt 0:00:14]} Ra5+ {[%emt 0:00:23]} 81. Kd4 {[%emt 0:00:20]} Ra4+ {[%emt 0:00:06]} 82. Kd3 {[%emt 0:00:09]} Ra3 {[%emt 0:00:10]} 83. e5 {[%emt 0:00:19]} a5 {[%emt 0:00:45]} 84. f5 {[%emt 0:00:45]} b2+ {[%emt 0:00:23]} 85. Kc2 {[%emt 0:01:10]} Re3 {[%emt 0:00:51]} 86. Rb8+ {[%emt 0:00:28]} Ke7 {[%emt 0:00:33]} 87. f6+ {[%emt 0:00:27]} Kf7 {[%emt 0:00:10]} 88. Rb7+ {[%emt 0:00:12]} Kf8 {[%emt 0:00:09]} 89. Rb5 {[%emt 0:00:53]} Re2+ {[%emt 0:00:03]} 90. Kd3 {[%emt 0:00:20]} Rxe5 {[%emt 0:00:07]} 1/2-1/2

[Event "Chinese League Div-A Final-KO 2023"]
[Site "Xiongan"]
[Date "2023.12.06"]
[Round "5.5"]
[White "Huang, Qian"]
[Black "Yan, Tianqi"]
[Result "1/2-1/2"]
[WhiteElo "2410"]
[BlackElo "2302"]
[Annotator "RC"]
[PlyCount "79"]
[EventDate "2023.12.02"]
[EventCountry "CHN"]
[SourceTitle "playchess.com"]
[Source "ChessBase"]
[SourceQuality "1"]

1. c4 {[%emt 0:02:07]} e5 {[%emt 0:00:24]} 2. Nc3 {[%emt 0:03:54]} Nf6 {[%emt 0:00:15]} 3. Nf3 {[%emt 0:01:10]} Nc6 {[%emt 0:00:12]} 4. g3 {[%emt 0:00:03]} Bb4 {[%emt 0:00:59]} 5. Nd5 {[%emt 0:00:08]} O-O {[%emt 0:06:58]} 6. Nxb4 {[%emt 0:13:10]} Nxb4 {[%emt 0:00:07]} 7. d3 {[%emt 0:00:20]} Re8 {[%emt 0:05:42]} 8. Bg2 {[%emt 0:01:47]} d5 {[%emt 0:06:38]} 9. cxd5 {[%emt 0:14:42]} Nbxd5 {[%emt 0:01:39]} 10. O-O {[%emt 0:00:11]} h6 {[%emt 0:02:35]} 11. a3 {[%emt 0:03:19]} c5 {[%emt 0:11:16]} 12. Qc2 {[%emt 0:08:55]} Qe7 {[%emt 0:08:06]} 13. e4 {[%emt 0:03:19]} Nc7 {[%emt 0:03:25]} 14. b4 {[%emt 0:02:33]} cxb4 {[%emt 0:18:24]} 15. axb4 {[%emt 0:12:43]} Bg4 {[%emt 0:17:06]} 16. Nxe5 {[%emt 0:03:45]} Qxe5 {[%emt 0:00:03]} 17. Bf4 {[%emt 0:00:03]} Qd4 {[%emt 0:00:42]} 18. Qxc7 {[%emt 0:02:15]} Be2 {[%emt 0:00:08]} 19. Rfe1 {[%emt 0:00:27]} Bxd3 {[%emt 0:02:00]} 20. e5 {[%emt 0:16:28]} Nd5 {[%emt 0:01:34]} 21. Qc5 {[%emt 0:00:13]} Qxc5 {[%emt 0:00:11]} 22. bxc5 {[%emt 0:00:02]} Nxf4 {[%emt 0:00:17]} 23. gxf4 {[%emt 0:00:04]} Rac8 {[%emt 0:00:43]} 24. Red1 {[%emt 0:05:21]} Bc4 {[%emt 0:07:59]} 25. Bxb7 {[%emt 0:00:58]} Rxc5 {[%emt 0:00:15]} 26. Rdc1 {[%emt 0:00:04]} Re6 {[%emt 0:03:23]} 27. Be4 {[%emt 0:01:31]} Re7 {[%emt 0:00:04]} 28. Rc3 {[%emt 0:03:53]} Rd7 {[%emt 0:02:01]} 29. Rac1 {[%emt 0:00:21]} Rd4 {[%emt 0:00:15]} 30. f3 {[%emt 0:01:16]} Rc7 {[%emt 0:01:20]} 31. Bd3 {[%emt 0:00:08]} Bxd3 {[%emt 0:00:27]} 32. Rxc7 {[%emt 0:00:03]} Rxf4 {[%emt 0:00:05]} 33. R1c3 {[%emt 0:00:35]} Rxf3 {[%emt 0:01:02]} 34. Rd7 {[%emt 0:01:05]} Rf1+ {[%emt 0:00:29]} 35. Kg2 {[%emt 0:00:02]} Bb5 {[%emt 0:00:04]} 36. Rxa7 {[%emt 0:01:04]} Rf5 {[%emt 0:00:36]} 37. Rc5 {[%emt 0:00:36]} Bf1+ {[%emt 0:00:12]} 38. Kg3 {[%emt 0:00:04]} Rg5+ {[%emt 0:00:17]} 39. Kf4 {[%emt 0:00:49]} Bh3 {[%emt 0:00:26]} 40. Ra3 {[%emt 0:00:31]} 1/2-1/2

[Event "Chinese League Div-A Final-KO 2023"]
[Site "Xiongan"]
[Date "2023.12.06"]
[Round "5.6"]
[White "Wang, Hao"]
[Black "Wang, Shixu B"]
[Result "1-0"]
[WhiteElo "2694"]
[BlackElo "2409"]
[Annotator "TA"]
[PlyCount "131"]
[EventDate "2023.12.02"]
[EventCountry "CHN"]
[SourceTitle "playchess.com"]
[Source "ChessBase"]
[SourceQuality "1"]

{[%evp 13,131,17,35,9,25,0,0,0,0,0,0,0,-9,0,0,0,0,0,0,0,0,0,0,0,0,0,56,47,38,13,14,4,39,45,62,66,58,40,87,90,164,107,104,100,104,104,104,104,104,104,104,104,104,104,105,108,109,108,95,47,47,47,47,47,47,47,157,47,106,100,187,102,87,88,102,67,212,204,204,204,310,220,206,147,303,0,0,0,0,0,0,0,8,0,326,310,1326,434,427,312,387,361,12823,12825,12831,12831,12831,12831,12831,12832,12841,12839,29995,29996,29996,29997,29997,29998,29998,29999]} 1. e4 {[%emt 0:00:02]} c5 {[%emt 0:00:09]} 2. Nf3 {[%emt 0:00:06]} d6 {[%emt 0:00:05]} 3. d4 {[%emt 0:00:05]} cxd4 {[%emt 0:00:05]} 4. Nxd4 {[%emt 0:00:04]} Nf6 {[%emt 0:00:05]} 5. Nc3 {[%emt 0:00:04]} a6 {[%emt 0:00:04]} 6. Be3 {[%emt 0:00:21]} e5 {[%emt 0:00:26]} 7. Nb3 {[%emt 0:00:05]} Be6 {[%emt 0:00:08]} 8. h3 {[%emt 0:00:29] B90: Sicilian Najdorf: Unusual White 6th moves, 6 Be3 Ng4 and 6 Be3 e5.} Be7 {[%emt 0:00:59]} 9. Qd2 {[%emt 0:00:06]} O-O {[%emt 0:17:11]} 10. O-O-O {[%emt 0:00:13] The position is equal.} a5 {[%emt 0:00:55]} 11. a4 {[%emt 0:00:08]} Na6 {[%emt 0:00:27] [#]} 12. f4 $146 {[%emt 0:00:08]} ({Predecessor:} 12. g4 Nb4 13. f3 Rc8 14. Kb1 d5 15. g5 Nh5 16. exd5 Bf5 17. Na1 Ng3 18. Rg1 Nxf1 19. Rgxf1 {½-½ Penzler,F (2364)-Grammatica,A (2323) Champion's League 15/Pr18 email 2015 [2]}) 12... Qc8 {[%emt 0:20:38]} 13. Kb1 {[%emt 0:02:23]} (13. Nxa5 Nb4 14. f5 Ba2 $17) 13... Nb4 {[%emt 0:00:05]} 14. fxe5 {[%emt 0:00:35]} dxe5 {[%emt 0:00:34]} 15. Bb5 {[%emt 0:00:06]} Bc4 {[%emt 0:03:34]} 16. Bxc4 {[%emt 0:02:00]} Qxc4 {[%emt 0:00:44]} 17. Bg5 {[%emt 0:00:03]} Rfc8 {[%emt 0:05:41][%cal Ob7b5]} 18. Bxf6 {[%emt 0:03:11]} Bxf6 {[%emt 0:00:02]} 19. Qd7 {[%emt 0:14:24]} Nxc2 {[%emt 0:09:17]} 20. Kxc2 $14 {[%emt 0:02:38]} Qxe4+ {[%emt 0:00:04]} 21. Qd3 {[%emt 0:19:06]} Qxa4 {[%emt 0:00:37] ...e4 would be deadly.} 22. Rhe1 {[%emt 0:00:29]} Qc6 {[%emt 0:18:47]} 23. Nd2 {[%emt 0:22:31]} a4 {[%emt 0:01:33]} 24. Nde4 $1 {[%emt 0:02:40]} a3 {[%emt 0:04:55]} 25. Qd7 {[%emt 0:06:38] Prevents Be7.} Qb6 {[%emt 0:06:26]} (25... Bh4 $14 26. Qxc6 Rxc6) 26. bxa3 $16 {[%emt 0:01:04] Active counter play!} Rc7 {[%emt 0:00:08]} (26... Qa6 $16) 27. Rd6 {[%emt 0:12:57]} (27. Nxf6+ $18 gxf6 28. Qg4+ Kh8 29. Qb4 Qf2+ 30. Kb1) 27... Qa5 {[%emt 0:00:42]} 28. Nxf6+ {[%emt 0:00:07]} gxf6 {[%emt 0:00:04]} 29. Qg4+ {[%emt 0:00:06]} Kf8 {[%emt 0:02:44]} 30. Qb4 {[%emt 0:00:32]} Qxa3 {[%emt 0:01:38]} 31. Rd8+ {[%emt 0:04:39][%mdl 64] Discovered Attack (Double check)} (31. Rxf6+ Qxb4) 31... Kg7 {[%emt 0:00:02]} 32. Qg4+ {[%emt 0:00:08]} Kh6 {[%emt 0:00:05]} 33. Qh4+ {[%emt 0:00:05]} Kg7 {[%emt 0:01:00]} 34. Qg3+ $40 {[%emt 0:00:12][%mdl 128] White is out for blood.} Kh6 {[%emt 0:00:12] ( -> ...Qa2+)} 35. Rxa8 {[%emt 0:03:19]} Qxa8 {[%emt 0:00:05]} 36. Re4 {[%emt 0:01:14]} (36. Kb3 $16 b5 37. Qh4+ (37. Nxb5 $2 Qd5+ 38. Kb4 Rc4+ {[%mdl 64] Deflection} 39. Ka3 Qxb5 $19) 37... Kg7 38. Re3 (38. Nxb5 Qd5+ 39. Kb4 Qc5+ 40. Ka4 Rc8 $11)) 36... Qa2+ $14 {[%emt 0:00:07]} 37. Kd1 {[%emt 0:00:09][%cal Re4h4]} Rd7+ $1 {[%emt 0:03:24]} (37... Qb3+ $2 38. Ke2 Qc2+ 39. Kf1 Qc1+ 40. Kf2 $18) 38. Ke1 {[%emt 0:00:10][%cal Re4h4] Really sharp!} Qd2+ {[%emt 0:00:26]} 39. Kf1 {[%emt 0:00:05][%cal Re4h4]} Rd4 {[%emt 0:04:37]} (39... Qd3+ $14 40. Qxd3 Rxd3) 40. Qf3 {[%emt 0:03:08]} (40. Qh4+ $1 $16 Kg7 41. Rxd4 exd4 42. Qg3+ Kf8 43. Ne4 Qc1+ 44. Ke2 Qc2+ 45. Nd2 (45. Kf3 Qd1+ 46. Kf4 Qc1+ 47. Kg4 Qf1 $18)) 40... Kg7 {[%emt 0:01:19]} ({Black should play} 40... Qd3+ $14 41. Kf2 Qxf3+ 42. Kxf3 Rd2) 41. Rxd4 {[%emt 0:01:34]} exd4 {[%emt 0:08:02]} (41... Qxd4 $16 42. Ne4 Qb6 43. Qg4+ Kf8) 42. Nd5 {[%emt 0:08:22]} (42. Ne4 $18 Qc1+ 43. Ke2 (43. Kf2 Qc2+ 44. Ke1 Qc6 $18) 43... Qc2+ 44. Nd2) 42... Qc1+ $16 {[%emt 0:01:03]} 43. Kf2 {[%emt 0:00:19]} Qd2+ {[%emt 0:00:39]} 44. Qe2 {[%emt 0:01:06]} Qg5 {[%emt 0:05:15]} (44... Qxe2+ $1 $14 45. Kxe2 Kg6) 45. Qe4 $18 {[%emt 0:01:38]} Qe5 {[%emt 0:00:28]} 46. Kf3 {[%emt 0:03:20]} Kh6 {[%emt 0:04:46]} (46... Kf8 $142 47. Qxe5 fxe5) 47. Nf4 {[%emt 0:10:51]} b5 {[%emt 0:03:06]} 48. h4 {[%emt 0:02:39]} b4 $2 {[%emt 0:03:27]} (48... Kg7 $16 {was called for.} 49. Ne2 Qh5+ 50. g4 Qxh4) 49. Qd3 $2 {[%emt 0:04:13]} (49. Qb7 $1 $18 {[%cal Rb7f7]} Qe8 50. Qxb4 Qc6+ 51. Kf2 Qc2+ 52. Kg3 Qc3+ 53. Qxc3 dxc3 54. Ne2) 49... Kg7 $11 {[%emt 0:02:48]} 50. Ne2 {[%emt 0:03:32]} Qh5+ {[%emt 0:01:07]} 51. g4 {[%emt 0:00:04]} Qd5+ {[%emt 0:03:56]} 52. Kf2 {[%emt 0:00:06]} Qh1 {[%emt 0:00:29]} 53. Ng3 {[%emt 0:01:19]} Qa1 {[%emt 0:01:28][%mdl 8192] [#]} (53... Qxh4 $11 54. Kf3 (54. Qxd4 h5 $11) 54... Qh3) 54. Nf5+ $1 $18 {[%emt 0:00:08]} (54. Nh5+ Kf8 $16) 54... Kf8 $2 {[%emt 0:00:06]} (54... Kg8 55. Qe2 (55. Qxd4 Qxd4+ 56. Nxd4 h5 $11) 55... Qa8) 55. Qb5 {[%emt 0:01:03]} (55. Qxd4 Qxd4+ 56. Nxd4 f5 57. gxf5 (57. Nxf5 $2 b3 $19) 57... Kg7) (55. Qe2 $142 {White wants to mate with Qe7+.} Qa7 56. Qc4 d3+ 57. Kf3 Qb7+ 58. Ke3) 55... Qb2+ {[%emt 0:00:50]} 56. Kf3 {[%emt 0:00:08][%cal Rb5b8]} Qc3+ {[%emt 0:00:24] [#]} 57. Ke4 $1 {[%emt 0:00:26] Threatening mate with Qb8+.} Qc2+ $2 {[%emt 0:00:08]} (57... Qe1+ 58. Kxd4 Qc3+ 59. Ke4 Qe1+ 60. Ne3 h6) 58. Kd5 {[%emt 0:00:26]} Qa2+ {[%emt 0:01:03]} 59. Kxd4 {[%emt 0:01:14][%cal Rb5b8]} Qd2+ {[%emt 0:00:31]} 60. Kc5 {[%emt 0:00:28] White threatens Qb8+ and mate.} Qc3+ {[%emt 0:00:18]} 61. Kb6 {[%emt 0:00:37]} h6 {[%emt 0:00:43]} 62. Qa5 {[%emt 0:00:34] Qa8+ would kill now.} (62. Nxh6 b3 63. Nf5 b2 $15) 62... Ke8 {[%emt 0:00:29]} 63. Qa8+ {[%emt 0:00:22] White mates.} (63. Nxh6 Qe3+ 64. Kb5 Qxh6 $11) 63... Kd7 {[%emt 0:00:04]} 64. Qb7+ {[%emt 0:00:05]} ({Worse is} 64. Nxh6 Qe3+ 65. Kb5 Qe2+ 66. Kc5 (66. Kxb4 Qb2+ 67. Kc5 Qc1+ 68. Kd4 Qd2+ 69. Kc4 Qe2+ 70. Kc3 Qe3+ 71. Kc4 Qe2+ 72. Kc3 Qe3+ 73. Kc4 Qe2+ $11) 66... Qe5+ 67. Kxb4 (67. Qd5+ $2 Qxd5+ 68. Kxd5 b3 $19) 67... Qb2+ 68. Kc5 Qc1+ 69. Kb5 Qb2+ 70. Kc5 (70. Ka6 $2 Qa3+ 71. Kb5 Qxa8 $19) 70... Qc1+ 71. Kd4 Qd2+ 72. Kc5 Qe3+ 73. Kc4 Qe2+ 74. Kd4 Qd2+ 75. Kc5 Qe3+ 76. Kc4 Qe2+ 77. Kc3 Qe3+ 78. Kc4 $11) 64... Ke6 {[%emt 0:00:14]} 65. Qe4+ {[%emt 0:00:04]} Qe5 {[%emt 0:00:14]} 66. Qc6+ {[%emt 0:00:08] A cool game by Wang.   Weighted Error Value: White=0.28 (precise) /Black=0.45} 1-0